15 Largest Cities in Canada🇨🇦 - Statistics

General Stats
  • This quiz has been taken 96 times
  • The average score is 10 of 15
Answer Stats
Population City % Correct
2.6 mil Toronto
100%
1.6 mil Montreal
99%
712k Edmonton
98%
600k Vancouver
98%
812k Ottawa
94%
1 mil Calgary
93%
528k Quebec
89%
632k Winnipeg
81%
519k Hamilton
70%
668k Mississauga
55%
394k Surrey
29%
433k Brampton
28%
376k Laval
27%
600k Scarborough
6%
636k North York
4%
No matching quizzes found
Score Distribution
Percent of People with Each Score
Percentile by Number Answered
Your Score History
You have not taken this quiz